000 00701cam a22002412 4500
001 19560
003 BD-RjUL
005 20211209000441.0
008 820601s1965 enk b 000 0 eng
035 _a(BD-RjUL)19620
040 _aDLC
_cCarP
_dDLC
_dBD-RjUL
_beng
041 _aeng
082 0 4 _a820.9
_bBRE 1965
110 2 _aBritish Council.
_960093
245 1 0 _aEnglish literature from the 16th century to the present :
_bA select list of Editions /
250 _aRevised ed.
260 _aLondon :
_bby Longmans,
_c1965.
300 _aviii, 164 p. ;
_c22 cm.
650 0 _aEnglish literature
_vBibliography.
_92049
942 _2ddc
_cBK
999 _c19560
_d19560